Bulletin du FMI volume 35, n 20, novembre 2006.

En mettant l'accent sur le travail du FMI et sur les grandes questions macroeconomiques et financieres internationales, le Bulletin du FMI presente une analyse des developpements nationaux, regionaux et mondiaux, des informations sur le travail, les politiques, les reformes et les activites d&#...

Descripció completa

Dades bibliogràfiques
Autor corporatiu: International Monetary Fund. External Relations Dept
Format: Revista
Idioma:English
Publicat: Washington, D.C. : International Monetary Fund, 2006.
Col·lecció:IMF Survey; IMF Survey ; No. 0035/020
Accés en línia:Full text available on IMF
LEADER 01822cas a2200253 a 4500
001 AALejournalIMF004607
008 230101c9999 xx r poo 0 0eng d
020 |c 5.00 USD 
020 |z 9781451976908 
022 |a 0047-083X 
040 |a BD-DhAAL  |c BD-DhAAL 
110 2 |a International Monetary Fund.  |b External Relations Dept. 
240 1 0 |a Bulletin du FMI vol. 35, n 20, novembre 2006.  |l French 
245 1 0 |a Bulletin du FMI volume 35, n 20, novembre 2006. 
264 1 |a Washington, D.C. :  |b International Monetary Fund,  |c 2006. 
300 |a 1 online resource (16 pages) 
490 1 |a IMF Survey 
500 |a <strong>Off-Campus Access:</strong> No User ID or Password Required 
500 |a <strong>On-Campus Access:</strong> No User ID or Password Required 
506 |a Electronic access restricted to authorized BRAC University faculty, staff and students 
520 3 |a En mettant l'accent sur le travail du FMI et sur les grandes questions macroeconomiques et financieres internationales, le Bulletin du FMI presente une analyse des developpements nationaux, regionaux et mondiaux, des informations sur le travail, les politiques, les reformes et les activites d'assistance technique du FMI, les conclusions d'etudes de calibre mondial, des donnees essentielles qui ne sont souvent pas disponibles ailleurs, ainsi que des rapports sur les discussions economiques et financieres au sein du FMI et ailleurs. Publie douze fois par an, ce bulletin de seize pages s'adresse a un large public : dirigeants, analystes, chercheurs, etudiants et journalistes. Disponible en anglais, francais et espagnol. 
538 |a Mode of access: Internet 
830 0 |a IMF Survey; IMF Survey ;  |v No. 0035/020 
856 4 0 |z Full text available on IMF  |u http://elibrary.imf.org/view/journals/023/0035/020/023.0035.issue-020-fr.xml  |z IMF e-Library